ბათუმის შოთა რუსთაველის სახელმწიფო უნივერსიტეტის ბიბლიოთეკა

ბუღალტრული აღრიცხვის საფუძვლები : (ბიბ.ჩანაწერი № 54803)

000 -ლიდერი
ფიქსირებული სიგრძის საკონტროლო ველი 01780nam a2200253Ia 4500
001 - საკონტროლო ნომერი
საკონტროლო ველი 21872
003 - საკონტროლო ნომრის იდენტიფიკატორი
საკონტროლო ველი GE_BSU
005 - ბოლო ოპერაციის თარიღი და დრო
საკონტროლო ველი 20220804130606.0
008 - ფიქსირებული სიგრძის მონაცემთა ელემენტები - ზოგადი ინფორმაცია
ფიქსირებული სიგრძის საკონტროლო ველი 181216s ||||ge |||||||||||||| ||geo||
020 ## - წიგნის საერთაშორისო სტანდარტული ნომერი
International Standard Book Number 9789941109676
040 ## - კატალოგიზაციის წყარო
Transcribing agency GE_BSU
041 ## - ენის კოდი
Language code of text/sound track or separate title geo
080 ## - უნივერსალური ათობითი კლასიფიკაციის ინდექსი
Universal Decimal Classification number 657(076.1) ბ-95
245 ## - ცნობა სათაურის შესახებ
Title ბუღალტრული აღრიცხვის საფუძვლები :
Remainder of title პრაქტიკული სავარჯიშოები (საერთაშორისო პრაქტიკის მიხედვით) /
Statement of responsibility, etc ავტ.ჯგუფი : ელენე ხარაბაძე, იზოლდა ჭილაძე, მარინე მაისურაძე [სხვ.] ; რედ. ელენე ხარაბაძე.
264 ## - წარმოების, გამოცემის, დისტრიბუციის და სხვა ცნობები
გამოცემის, წარმოების, დისტრიბუციის... ადგილი თბილისი :
გამოცემის, წარმოების, დისტრიბუციის... სახელწოდება მერიდიანი,
გამოცემის, წარმოების, დისტრიბუციის... თარიღი 2015.
300 ## - ფიზიკური აღწერა
Extent 496 გვ. :
Other physical details ცხრ. ;
Dimensions 29 სმ.
500 ## - ზოგადი შენიშვნა
General note წიგნი კარგ სამსახურს გაუწევს აღრიცხვის დარგის პრაქტიკოს მუშაკებს,რომელთაც სურვილი აქვთ გაეცნონ და ღრმად შეისწავლონ ბუღალტრული აღრიცხვის წესი საერთაშორისო სტანდარტების შესაბამისად
653 ## - INDEX TERM--UNCONTROLLED
Uncontrolled term ბუღალტერია
653 ## - INDEX TERM--UNCONTROLLED
Uncontrolled term ბუღალტრული აღრიცხვა
653 ## - INDEX TERM--UNCONTROLLED
Uncontrolled term სავარჯიშოების კრებულები
700 ## - ADDED ENTRY--PERSONAL NAME
Personal name ხარაბაძე, ელენე
Relator term რედაქტორი
9 (RLIN) 14506
942 ## - ADDED ENTRY ELEMENTS (KOHA)
Koha item type წიგნი
Source of classification or shelving scheme
ეგზემპლარები
ჩამოწერის სტატუსი დაკარგული ეგზემპლარის სტატუსი კლასიფიკაციის წყარო ან თაროზე გაწყობის სქემა დაზიანების სტატუსი არ გაიცემა მუდმივი მდებარეობა (დაცვის ადგილი) ამჟამინდელი ადგილსამყოფელი თაროზე განთავსების ადგილი შეძენის თარიღი ღირებულება, შესყიდვის ნორმალური ფასი სრული შენახვის შიფრი შტრიხკოდი ბოლო ოპერაციის თარიღი ეგზემპლარის მიმდევრობითი ნომერი (კეტერი?) ფასის ძალაში შესვლის თარიღი ეგზემპლარის სახეობა საჯარო შენიშვნა
          ბათუმის შოთა რუსთაველის სახელმწიფო უნივერსიტეტის მთავარი ბიბლიოთეკა ბათუმის შოთა რუსთაველის სახელმწიფო უნივერსიტეტის მთავარი ბიბლიოთეკა წიგნსაცავი 2018-12-17 15.00 657(076.1) ბ-95 56537 2018-12-17 56537 2018-12-17 წიგნი 15.00 ₾.
          ბათუმის შოთა რუსთაველის სახელმწიფო უნივერსიტეტის მთავარი ბიბლიოთეკა ბათუმის შოთა რუსთაველის სახელმწიფო უნივერსიტეტის მთავარი ბიბლიოთეკა წიგნსაცავი 2018-12-17 15.00 657(076.1) ბ-95 56538 2018-12-17 56538 2018-12-17 წიგნი 15.00 ₾.
          ბათუმის შოთა რუსთაველის სახელმწიფო უნივერსიტეტის მთავარი ბიბლიოთეკა ბათუმის შოთა რუსთაველის სახელმწიფო უნივერსიტეტის მთავარი ბიბლიოთეკა წიგნსაცავი 2018-12-17 15.00 657(076.1) ბ-95 56539 2018-12-17 56539 2018-12-17 წიგნი 15.00 ₾.
          ბათუმის შოთა რუსთაველის სახელმწიფო უნივერსიტეტის მთავარი ბიბლიოთეკა ბათუმის შოთა რუსთაველის სახელმწიფო უნივერსიტეტის მთავარი ბიბლიოთეკა წიგნის კალათა 2018-12-17 15.00 657(076.1) ბ-95 56540 2018-12-17 56540 2018-12-17 წიგნი 15.00 ₾.
          ბათუმის შოთა რუსთაველის სახელმწიფო უნივერსიტეტის მთავარი ბიბლიოთეკა ბათუმის შოთა რუსთაველის სახელმწიფო უნივერსიტეტის მთავარი ბიბლიოთეკა წიგნსაცავი 2018-12-17 15.00 657(076.1) ბ-95 56541 2018-12-17 56541 2018-12-17 წიგნი 15.00 ₾.